Organización de empresas (Registro nro. 21304)
[ vista simple ]
| 000 -CABECERA | |
|---|---|
| Longitud fija campo de control | 00678nam a22002297a 4500 |
| 003 - IDENTIFICADOR DELl NÚMERO DE CONTROL | |
| Identificador del número de control | OSt |
| 005 - FECHA Y HORA DE LA ÚLTIMA TRANSACCIÓN | |
| Fecha y hora de la última transacción | 20170313181934.0 |
| 008 - CÓDIGOS DE INFORMACIÓN DE LONGITUD FIJA | |
| Códigos de información de longitud fija | 150605b xxu||||| |||| 00| 0 eng d |
| 020 ## - NÚMERO INTERNACIONAL NORMALIZADO PARA LIBROS | |
| Número Internacional Normalizado para Libros (ISBN) | 978-607-15-0975-8 |
| 040 ## - FUENTE DE LA CATALOGACIÓN | |
| Centro catalogador de origen | BR-MU |
| Centro transcriptor | BCRI |
| 082 ## - NÚMERO DE LA CLASIFICACIÓN DECIMAL DEWEY | |
| Númeroo de clasificación | 658.1 |
| 082 ## - NÚMERO DE LA CLASIFICACIÓN DECIMAL DEWEY | |
| Númeroo de clasificación | 658.04 |
| 100 1# - PUNTO DE ACCESO PRINCIPAL-NOMBRE DE PERSONA | |
| 9 (RLIN) | 7872 |
| Nombre de persona | Franklin Fincowsky, Enrique Benjamín |
| 245 10 - MENCIÓN DE TÍTULO | |
| Título | Organización de empresas |
| Mención de responsabilidad, etc. | Enrique Benjamín Franklin Fincowsky |
| 250 ## - MENCIÓN DE EDICIÓN | |
| Mención de edición | 4ª ed |
| 260 ## - PUBLICACIÓN, DISTRIBUCIÓN, ETC. (PIE DE IMPRENTA) | |
| Lugar de publicación, distribución, etc. | México, D.F. [etc.] |
| Nombre del editor, distribuidor, etc. | McGraw-Hill |
| Fecha de publicación, distribución, etc. | cop. 2014 |
| 300 ## - DESCRIPCIÓN FÍSICA | |
| Extensión | XXI, 501 p. |
| Otras características físicas | il. |
| Dimensiones | 27 cm |
| 500 ## - NOTA GENERAL | |
| Nota general | Índice p. [391]-399 |
| 650 24 - PUNTO DE ACCESO ADICIONAL DE MATERIA - TÉRMINO DE MATERIA | |
| 9 (RLIN) | 8517 |
| Término de materia o nombre geográfico como elemento inicial | Organización de la empresa |
| 650 24 - PUNTO DE ACCESO ADICIONAL DE MATERIA - TÉRMINO DE MATERIA | |
| 9 (RLIN) | 3341 |
| Término de materia o nombre geográfico como elemento inicial | Gestión de empresas |
| 942 ## - ENTRADA DE ELEMENTOS AGREGADOS (KOHA) | |
| Fuente de clasificaión o esquema | Dewey Decimal Classification |
| Koha [por defecto] tipo de item | 1- Monografias |
| Suprimido | Perdido | Fuente de clasificación o esquema | Estropeado | Restricciones de uso | No para préstamo | Código de colección | Localización permanente | Localización actual | Localización en estanter&íacute;as | Fecha adquisición | Fuente de adquisición | Número de inventario | Préstamos totales | Signatura completa | Código de barras | Fecha última consulta | Fecha último préstamo | Coste, precio reemplazado | Fecha del precio de reemplazo | Tipo de item de Koha | Renovaciones totales |
|---|---|---|---|---|---|---|---|---|---|---|---|---|---|---|---|---|---|---|---|---|---|
| NULL | NULL | Dewey Decimal Classification | NULL | Prestable | NULL | NULL | Biblioteca Centro Regional de Ilobasco | Biblioteca Centro Regional de Ilobasco | Sala Principal | 05/06/2015 | UNICAES | LI000355 | 1 | 658.1 FRA org | 1031577 | 20/02/2023 | 20/02/2023 | 22.19 | 05/06/2015 | 1- Monografias | |
| NULL | NULL | Dewey Decimal Classification | NULL | Prestable | NULL | NULL | Biblioteca Centro Regional de Ilobasco | Biblioteca Centro Regional de Ilobasco | Sala Principal | 05/06/2015 | UNICAES | LI000356 | 1 | 658.1 FRA org | 1031578 | 26/07/2024 | 10/07/2024 | 22.19 | 05/06/2015 | 1- Monografias | |
| NULL | NULL | Dewey Decimal Classification | NULL | Prestable | NULL | NULL | Biblioteca Centro Regional de Ilobasco | Biblioteca Centro Regional de Ilobasco | Sala Principal | 05/06/2015 | UNICAES | LI000357 | 658.1 FRA org | 1031579 | 05/06/2015 | 22.19 | 05/06/2015 | 1- Monografias | |||
| NULL | NULL | Dewey Decimal Classification | NULL | Prestable | NULL | NULL | Biblioteca Miguel de Cervantes - UNICAES | Biblioteca Miguel de Cervantes - UNICAES | Sala Principal | 03/03/2020 | Donación - Facultad de Ciencias Empresariales | 034901 | 3 | 658.1 FRA org | 1046966 | 17/08/2022 | 15/08/2022 | 49.00 | 09/11/2020 | 1- Monografias | 1 |
| NULL | NULL | Dewey Decimal Classification | NULL | Prestable | NULL | NULL | Biblioteca Miguel de Cervantes - UNICAES | Biblioteca Miguel de Cervantes - UNICAES | Sala Principal | 03/03/2020 | Donación - Facultad de Ciencias Empresariales | 034900 | 658.1 FRA org | 1046965 | 09/11/2020 | 49.00 | 09/11/2020 | 1- Monografias | |||
| NULL | NULL | Dewey Decimal Classification | NULL | Prestable | NULL | NULL | Biblioteca Miguel de Cervantes - UNICAES | Biblioteca Miguel de Cervantes - UNICAES | Sala Principal | 03/03/2020 | Donación - Facultad de Ciencias Empresariales | 034899 | 4 | 658.1 FRA org | 1046964 | 18/08/2022 | 18/08/2022 | 49.00 | 09/11/2020 | 1- Monografias |